| 000 | 00904nam a22002417a 4500 | ||
|---|---|---|---|
| 003 | OSt | ||
| 005 | 20260416152821.0 | ||
| 008 | 260413b |||||||| |||| 00| 0 eng d | ||
| 037 | _cThesis | ||
| 040 |
_aFEDL _beng _cFEDL |
||
| 041 |
_aeng _heng |
||
| 082 | _a372.21 KAR/TH | ||
| 100 |
_aKarjee, Priyanka _91234716 |
||
| 110 | _aUniversity of Delhi. Department of Education | ||
| 245 |
_aImplementation and practices of integrated child development scheme in the context of pre- primary education in West Bangal/ _cby Priyanka karjee; Supervised by M. Rajendran and Sailaja Chennat. |
||
| 260 |
_aUniversity of Delhi _c2025 |
||
| 300 | _axiii, 233p. | ||
| 650 |
_aPRESCHOOL INSTITUTIONS _91234717 |
||
| 700 |
_aRajenderan, M. Supervisor. _9818998 |
||
| 700 |
_aChennat, Sailaja. Supervisor. _91234718 |
||
| 942 |
_2ddc _cTH _h372.21 KAR/TH _n0 |
||
| 999 |
_c1848247 _d1848247 |
||